[Event "Oslo Kvisla"]
[Site "Oslo"]
[Date "2023.03.23"]
[Round "4"]
[White "Nilssen, Ellen Fredericia"]
[Black "Urkedal, Frode Olav Olsen"]
[Result "0-1"]
[WhiteElo "2144"]
[BlackElo "2537"]
[PlyCount "114"]
[EventDate "2023.03.20"]
[EventType "tourn"]
[EventRounds "9"]
[EventCountry "NOR"]
[EventCategory "6"]
[SourceTitle "CBM 213 Extra"]
[Source "ChessBase"]
[SourceDate "2023.05.31"]
[SourceVersion "1"]
[SourceVersionDate "2023.05.31"]
[SourceQuality "1"]

1. d4 Nf6 2. c4 e6 3. Nc3 Bb4 4. Qc2 d5 5. cxd5 exd5 6. Bg5 h6 7. Bxf6 Qxf6 8. a3 Bxc3+ 9. Qxc3 c6 10. e3 0-0 11. Nf3 Bf5 12. Be2 Nd7 13. 0-0 Rfc8 14. Rfc1 Qd8 15. a4 a5 16. Nd2 Qe7 17. Nb3 b6 18. Bd3 Bxd3 19. Qxd3 Nb8 20. Nd2 Na6 21. Nf3 Nb4 22. Qd2 c5 23. Ne5 c4 24. Rc3 Qe8 25. Qe2 f6 26. Nf3 Qe6 27. h3 Rab8 28. Nd2 f5 29. Nf3 Nd3 30. Ne1 Nxe1 31. Qxe1 b5 32. axb5 Rxb5 33. Ra2 Rcb8 34. Qe2 f4 35. Rca3 Rb3 36. Rxb3 Rxb3 37. Rxa5 fxe3 38. Ra8+ Kh7 39. Ra1 Qe4 40. Rd1 Rd3 41. fxe3 Rxe3 42. Qf1 Re2 43. Kh1 Rxb2 44. Re1 Qg6 45. Qf3 Rb1 46. Rg1 Rxg1+ 47. Kxg1 Qb1+ 48. Kf2 Qc2+ 49. Kf1 Qd3+ 50. Qxd3+ cxd3 51. Kf2 Kg6 52. Ke3 Kf5 53. g4+ Kg5 54. Kxd3 Kf4 55. Kc3 Ke3 56. h4 g6 57. h5 g5 0-1

[Event "Oslo Kvisla"]
[Site "Oslo"]
[Date "2023.03.21"]
[Round "2"]
[White "Nilssen, Ellen Fredericia"]
[Black "Oye Stromberg, Alexander"]
[Result "1/2-1/2"]
[WhiteElo "2144"]
[BlackElo "2328"]
[PlyCount "89"]
[EventDate "2023.03.20"]
[EventType "tourn"]
[EventRounds "9"]
[EventCountry "NOR"]
[EventCategory "6"]
[SourceTitle "CBM 213 Extra"]
[Source "ChessBase"]
[SourceDate "2023.05.31"]
[SourceVersion "1"]
[SourceVersionDate "2023.05.31"]
[SourceQuality "1"]

1. e4 e5 2. Nf3 Nc6 3. Bc4 Nf6 4. Ng5 d5 5. exd5 Na5 6. Bb5+ c6 7. dxc6 bxc6 8. Bd3 Nd5 9. Nf3 Bd6 10. 0-0 Nf4 11. Nc3 0-0 12. Be2 f5 13. d3 Nd5 14. Re1 Qc7 15. Bf1 Bb7 16. Bd2 Rae8 17. d4 e4 18. Ne5 h6 19. a3 Nxc3 20. Bxc3 c5 21. Bxa5 Qxa5 22. Nc4 Qc7 23. Nxd6 Qxd6 24. dxc5 Qxc5 25. Qe2 Rc8 26. Rac1 f4 27. Qb5 Qe7 28. Bc4+ Kh8 29. Bd5 Bxd5 30. Qxd5 Rce8 31. Rcd1 Rd8 32. Qh5 Rxd1 33. Qxd1 Qe5 34. Qd2 Qxb2 35. Qb4 Rb8 36. Qxb2 Rxb2 37. h4 e3 38. fxe3 fxe3 39. Rxe3 Rxc2 40. Re7 Rc4 41. Rxa7 Rxh4 42. Rb7 Ra4 43. Rb3 Kh7 44. Kf2 h5 45. Rc3 1/2-1/2

[Event "EU-ch 23rd"]
[Site "Vrnjacka Banja"]
[Date "2023.03.13"]
[Round "11"]
[White "Sertbay, Huseyin"]
[Black "Nilssen, Ellen Fredericia"]
[Result "0-1"]
[WhiteElo "2016"]
[BlackElo "2144"]
[PlyCount "33"]
[EventDate "2023.03.03"]
[EventType "swiss"]
[EventRounds "11"]
[EventCountry "SRB"]
[SourceTitle "CBM 213"]
[Source "ChessBase"]
[SourceDate "2023.04.30"]
[SourceVersion "1"]
[SourceVersionDate "2023.04.30"]
[SourceQuality "1"]

1. d4 Nf6 2. c4 e6 3. Nf3 d5 4. Nc3 Be7 5. Bg5 0-0 6. e3 Nbd7 7. Qc2 c6 8. cxd5 exd5 9. Bd3 Re8 10. 0-0 Nf8 11. a3 Ne6 12. Bh4 g6 13. h3 Ng7 14. Bg3 Bf5 15. b4 a6 16. Na4 Bxd3 17. Qxd3 0-1

[Event "EU-ch 23rd"]
[Site "Vrnjacka Banja"]
[Date "2023.03.05"]
[Round "3"]
[White "Sukovic, Andrej"]
[Black "Nilssen, Ellen Fredericia"]
[Result "1-0"]
[WhiteElo "2322"]
[BlackElo "2144"]
[PlyCount "53"]
[EventDate "2023.03.03"]
[EventType "swiss"]
[EventRounds "11"]
[EventCountry "SRB"]
[SourceTitle "CBM 213"]
[Source "ChessBase"]
[SourceDate "2023.04.30"]
[SourceVersion "1"]
[SourceVersionDate "2023.04.30"]
[SourceQuality "1"]

1. e4 c5 2. Ne2 d6 3. g3 Nf6 4. Bg2 g6 5. 0-0 Bg7 6. c3 0-0 7. d4 cxd4 8. cxd4 e5 9. Nbc3 Nc6 10. d5 Ne7 11. Kh1 Nh5 12. f4 f5 13. fxe5 Bxe5 14. Bh6 Ng7 15. Bf4 Bxf4 16. Nxf4 fxe4 17. Nxe4 Nef5 18. Qd2 Qb6 19. Rae1 Bd7 20. Ne6 Nxe6 21. dxe6 Bc6 22. e7 Rf7 23. g4 Nh4 24. Rxf7 Kxf7 25. Qf4+ Kg8 26. Nf6+ Kg7 27. e8N+ 1-0

[Event "Sitges Sunway op 9th"]
[Site "Sitges"]
[Date "2022.12.13"]
[Round "2"]
[White "Nilssen, Ellen Fredericia"]
[Black "Chia, Yu Zhe Ashton"]
[Result "1-0"]
[WhiteElo "2187"]
[BlackElo "1970"]
[PlyCount "21"]
[EventDate "2022.12.12"]
[EventType "swiss"]
[EventRounds "10"]
[EventCountry "ESP"]
[SourceTitle "CBM 211 Extra"]
[Source "ChessBase"]
[SourceDate "2023.01.31"]
[SourceVersion "1"]
[SourceVersionDate "2023.01.31"]
[SourceQuality "1"]

1. d4 Nf6 2. c4 e6 3. Nf3 b6 4. g3 Ba6 5. Qc2 c5 6. d5 exd5 7. cxd5 Bb7 8. Bg2 Nxd5 9. 0-0 Be7 10. Ne5 0-0 11. Qb3 1-0